Normal view
MARC view
- Williams
Entry Personal Name
001 - CONTROL NUMBER
- control field: 127622
003 - CONTROL NUMBER IDENTIFIER
- control field: NUST
005 - DATE AND TIME OF LATEST TRANSACTION
- control field: 20250116111032.0
008 - FIXED-LENGTH DATA ELEMENTS
- fixed length control field: 250116|| aca||aabn | a|a d
040 ## - CATALOGING SOURCE
- Original cataloging agency: NUST
- Transcribing agency: NUST
100 ## - HEADING--PERSONAL NAME
- Personal name: Williams
670 ## - SOURCE DATA FOUND
- Source citation: Work cat.: (NUST): Williams, Financial and Managerial Accounting, 2002.
